A beautiful mind
Dramatic biography of John Nash, a mathematical genius, who made an astonishing discovery early in his career and stood on the brink of international acclaim. But the handsome and arrogant Nash soon found himself on a painful and harrowing journey of self-discovery. After many years of struggle, he...
| Corporate Authors: | , , |
|---|---|
| Other Authors: | , , , , , , , , , , , , , , , , , , , |
| Format: | Video DVD |
| Language: | English French |
| Published: |
Universal City, CA :
Universal,
[2002], c2001.
|
| Edition: | [Widescreen version] ; Awards ed. |
| Subjects: |
| LEADER | 04362ngm a2200721Ia 4500 | ||
|---|---|---|---|
| 001 | AAL9354 | ||
| 005 | 20171101103842.0 | ||
| 007 | vd cvaizk | ||
| 008 | 020304p20022001cau135 g vleng d | ||
| 999 | |c 38478 |d 38478 | ||
| 020 | |a 0783261438 | ||
| 024 | 1 | 0 | |a 025192145025 |
| 028 | 4 | 2 | |a 21450 |b Universal |
| 035 | |a (OCoLC)49231301 | ||
| 040 | |a TEF |c TEF |d JED |d OCL |d IBI |d TMI |d JED |d OCLCQ |d MYG |d BD-DhAAL | ||
| 041 | 1 | |a eng |a fre |h eng |b spa |g eng | |
| 049 | |a MYGG | ||
| 082 | |a 791.43/72 | ||
| 099 | |a PN1997.2.B53.A1 2002 | ||
| 130 | 0 | |a Beautiful mind (Motion picture) |9 22743 | |
| 245 | 1 | 2 | |a A beautiful mind |h [videorecording] / |c Universal Pictures, Dreamworks Pictures, Imagine Entertainment present a Brian Grazer production, a Ron Howard film ; producers, Brian Grazer, Ron Howard ; screenplay, Akiva Goldsman ; director, Ron Howard. |
| 250 | |a [Widescreen version] ; Awards ed. | ||
| 260 | |a Universal City, CA : |b Universal, |c [2002], c2001. | ||
| 300 | |a 2 videodiscs (135 min.) : |b sd., col. ; |c 4 3/4 in. | ||
| 500 | |a Based on the novel by Sylvia Nasar. | ||
| 500 | |a Special features: Disc 1 - feature film; deleted scenes - with optional director's commentary ; Disc 2 - A Beautiful Partnership: Ron Howard and Brain Grazer; development of the screenplay; meeting John Nash - The Nash Theory of Equilibrium; "Accepting the Nobel Prize in Economics"; "The Process of Age Progression"; storyboards to final feature comparison; creation of special effects; scoring the film; inside A Beautiful Mind; Academy Awards: Best Picture, Best Director, Best Supporting Actress, Best Adapted Screenplay; A Beautiful Mind soundtrack. | ||
| 508 | |a Director of photography, Roger Deakins ; art director, Robert Guerra ; editors, Mike Hill, Dan Hanley ; music composer, James Horner ; costume designer, Rita Ryack ; production designer, Wynn Thomas. | ||
| 511 | 1 | |a Russell Crowe, Ed Harris, Jennifer Connelly, Paul Bettany, Adam Goldberg, Judd Hirsch, Josh Lucas, Anthony Rapp, Christopher Plummer. | |
| 520 | |a Dramatic biography of John Nash, a mathematical genius, who made an astonishing discovery early in his career and stood on the brink of international acclaim. But the handsome and arrogant Nash soon found himself on a painful and harrowing journey of self-discovery. After many years of struggle, he eventually triumphed over his schizophrenia, and finally, late in life, received the Nobel Prize. | ||
| 521 | 8 | |a MPAA rating: PG-13. | |
| 538 | |a DVD, Dolby digital 5.1, Dolby digital 2.0 surround. | ||
| 546 | |a English or French dialogue, English, French or Spanish subtitles. | ||
| 586 | |a Academy Award, 2002: Best Picture (Brian Grazer, Ron Howard); Best Director (Ron Howard); Best Actress in a Supporting Role (Jennifer Connelly); Best Writing, Screenplay Based on Material Previously Produced or Published (Akiva Goldsman). | ||
| 600 | 1 | 0 | |a Nash, John F., |c Jr., |d 1928-2015 |v Drama. |9 22744 |
| 650 | 0 | |a Mathematicians |z United States |v Drama. |9 22745 | |
| 650 | 0 | |a Feature films. |9 22746 | |
| 700 | 1 | |a Grazer, Brian, |d 1953- |9 22747 | |
| 700 | 1 | |a Howard, Ron. |9 22748 | |
| 700 | 1 | |a Goldsman, Akiva. |9 22749 | |
| 700 | 1 | |a Crowe, Russell, |d 1964- |9 22750 | |
| 700 | 1 | |a Harris, Ed, |d 1950- |9 22751 | |
| 700 | 1 | |a Connelly, Jennifer. |9 22752 | |
| 700 | 1 | |a Bettany, Paul, |d 1971- |9 22753 | |
| 700 | 1 | |a Goldberg, Adam, |d 1970- |9 22754 | |
| 700 | 1 | |a Hirsch, Judd. |9 22755 | |
| 700 | 1 | |a Lucas, Josh. |9 22756 | |
| 700 | 1 | |a Rapp, Anthony. |9 22757 | |
| 700 | 1 | |a Plummer, Christopher. |9 22758 | |
| 700 | 1 | |a Deakins, Roger A., |d 1949- |9 22759 | |
| 700 | 1 | |a Guerra, Robert. |9 22760 | |
| 700 | 1 | |a Hill, Mike. |9 22761 | |
| 700 | 1 | |a Hanley, Dan, |d 1955- |9 22762 | |
| 700 | 1 | |a Horner, James. |9 22763 | |
| 700 | 1 | |a Ryack, Rita. |9 22764 | |
| 700 | 1 | |a Thomas, Wynn P. |9 22765 | |
| 700 | 1 | |a Nasar, Sylvia. |t Beautiful mind. |9 22766 | |
| 710 | 2 | |a Universal Pictures (Firm) |9 22767 | |
| 710 | 2 | |a Dreamworks Pictures. |9 22768 | |
| 710 | 2 | |a Imagine Entertainment (Firm) |9 22769 | |
| 852 | 0 | |b HUM |c MEDIA |k DVD |h PN1997.2.B53.A1 2002 | |
| 942 | |2 ddc |c AV | ||
| 952 | |0 0 |1 0 |2 ddc |4 0 |6 791_430000000000000_72_BEA |7 0 |9 61704 |a SCL |b SCL |c AV |d 2017-11-01 |l 0 |o 791.4372 BEA |p 4020009354 |r 2017-11-01 |t 1 |w 2017-11-01 |y AV | ||
| 952 | |0 0 |1 0 |2 ddc |4 0 |6 791_430000000000000_72_BEA |7 0 |9 61727 |a SCL |b SCL |c GEN |d 2017-11-04 |l 0 |o 791.4372 BEA |p 4020009370 |r 2017-11-04 |t 2 |w 2017-11-04 |y AV | ||